000 00602nam a22002057a 4500
007 00
008 160621b xxu||||| |||| 00| 0 eng d
020 _a978-1-905209-71-1
040 _aBUAC
_cBUC
041 _aFre..
100 _aSanchez, Javier
245 _aUMTS
_c/ par Javier Sanchez, Mamadou Thioune
260 _aLondon :
_bEd. Iste,
_c2007
300 _a422 p.
_c24 cm.
521 _aCompr. Bibliogr à la fin de chaque chapitre de vol. Index : pp. (417 - 422)
630 _aSCIENCES APPLIQUEES
650 _2Télécommunication : réseau
700 _aThioune, Mamadou
942 _cLIVR
999 _c54652
_d54652